El harén pedagógico: perspectiva de género en la organización escolar

Պահպանված է:
Մատենագիտական մանրամասներ
Հիմնական հեղինակ: Santos Guerra, Miguel Angel (Հեղինակ)
Ձևաչափ: Գիրք
Լեզու:իսպաներեն
Հրապարակվել է: Barcelona Graó 2000
Հրատարակություն:1a. ed
Շարք:Biblioteca de Aula, 149
Խորագրեր:
Ցուցիչներ: Ավելացրեք ցուցիչ
Չկան պիտակներ, Եղեք առաջինը, ով նշում է այս գրառումը!

MARC

LEADER 00000nam a2200000 a 4500
001 UCK0234
003 CL-VaPUC
008 040924e20000000SP |||||||||||||||||spa|d
020 |a 8478272372 
082 0 4 |a 370.115  |b SAN  |2 21 
100 0 |a Santos Guerra, Miguel Angel  |e author  |9 488141 
245 1 3 |a El harén pedagógico: perspectiva de género en la organización escolar 
250 |a 1a. ed 
300 |a 164 p 
942 |c BK 
945 |d 20040924 00:00:00  |a cmena 
260 |a Barcelona  |b Graó  |c 2000 
650 0 |a Educación moral  |9 308319 
650 0 |a Democracia  |9 255256 
650 0 |a Igualdad de oportunidades  |9 331873 
650 0 |a Mujeres  |9 257649 
583 |a last modification  |c 20130306 09:56:07  |k Rodrigo Vera 
490 0 |a Biblioteca de Aula, 149 
999 |c 310723  |d 310721 
952 |0 0  |1 0  |4 0  |6 370_115000000000000_SAN_2000  |7 0  |8 A  |9 379644  |a BIBEDU  |b BIBEDU  |d 2019-11-21  |i 4065530  |o 370.115 SAN 2000  |p 4065530  |r 2019-11-21  |w 2019-11-21  |y BK  |k PAR 
952 |0 0  |1 0  |4 0  |6 370_115000000000000_SAN_2000  |7 0  |8 A  |9 379645  |a BIBEDU  |b BIBEDU  |d 2019-11-21  |i 4372565  |o 370.115 SAN 2000  |p 4372565  |r 2019-11-21  |w 2019-11-21  |y BK  |k EBA